书目信息 |
| 题名: |
邓小平与包玉刚
|
|
| 作者: | 余贤群 著 | |
| 分册: | ||
| 出版信息: | 北京 华文出版社 2012.6 |
|
| 页数: | 238页 | |
| 开本: | 24cm | |
| 丛书名: | ||
| 单 册: | ||
| 中图分类: | A762 , K825.38 | |
| 科图分类: | ||
| 主题词: | ||
| 电子资源: | ||
| ISBN: | 978-7-5075-3745-1 | |
| 000 | 01095nam0 2200277 45 | |
| 001 | 1360525046 | |
| 005 | 20130530171252.73 | |
| 010 | @a978-7-5075-3745-1@dCNY29.80 | |
| 100 | @a20130513e20122012em y0chiy50 ea | |
| 101 | 0 | @achi |
| 102 | @aCN@b110000 | |
| 105 | @ay z 000yc | |
| 106 | @ar | |
| 200 | 1 | @a邓小平与包玉刚@ADeng Xiao Ping Yu Bao Yu Gang@f余贤群著@FYu Xian Qun Zhu |
| 205 | @a2版 | |
| 210 | @a北京@c华文出版社@d2012.6@h2012.7 | |
| 215 | @a238页@d24cm | |
| 300 | @a华文传记 统战人物传记系列 | |
| 330 | @a本书通过描述改革开放大背景下,国家领导人邓小平与一代船王包玉刚的交往过程,展示了以邓小平为代表的中国共产党人与港澳同胞情真意切、肝胆相照的风雨历程,生动地勾勒出包玉刚心系祖国、回报桑梓的赤子情怀。通过包玉刚响应邓小平的号召,创办实业、繁荣香港等爱国爱乡的实际行动,形象地展现了邓小平卓越的统战艺术和崇高的人格魅力。 | |
| 600 | 0 | @a邓小平@f(1904-1997)@x传记 |
| 600 | 0 | @a包玉刚@f(1918-1991)@x传记 |
| 690 | @aA762@v5 | |
| 690 | @aK825.38@v5 | |
| 701 | 0 | @a余贤群@AYu Xian Qun@f(1969-)@4著 |
| 801 | @aCN@bTANGWEI@c20130522 | |
| 905 | @b0834672-77@dA762@e211=2@f6 | |
| 邓小平与包玉刚/余贤群著.-2版.-北京:华文出版社,2012.6(2012.7) |
| 238页;24cm |
| 华文传记 统战人物传记系列 |
| ISBN 978-7-5075-3745-1:CNY29.80 |
| 本书通过描述改革开放大背景下,国家领导人邓小平与一代船王包玉刚的交往过程,展示了以邓小平为代表的中国共产党人与港澳同胞情真意切、肝胆相照的风雨历程,生动地勾勒出包玉刚心系祖国、回报桑梓的赤子情怀。通过包玉刚响应邓小平的号召,创办实业、繁荣香港等爱国爱乡的实际行动,形象地展现了邓小平卓越的统战艺术和崇高的人格魅力。 |
| ● |
| 相关链接 |
|
|
|
|
正题名:邓小平与包玉刚
索取号:A762/211=2
 
预约/预借
| 序号 | 登录号 | 条形码 | 馆藏地/架位号 | 状态 | 备注 |
| 1 | 0834672 | 208346725 | 第一样本阅览室/ [索取号:A762/211=2] | 在馆 | |
| 2 | 0834673 | 208346734 | 第一借阅区/ [索取号:A762/211=2] | 在馆 | |
| 3 | 0834674 | 208346743 | 第一借阅区/ [索取号:A762/211=2] | 在馆 | |
| 4 | 0834675 | 208346752 | 第一借阅区/ [索取号:A762/211=2] | 在馆 | |
| 5 | 0834676 | 208346761 | 第一借阅区/ [索取号:A762/211=2] | 在馆 | |
| 6 | 0834677 | 208346770 | 第一借阅区/ [索取号:A762/211=2] | 在馆 |